000 00490nam a2200145Ia 4500
008 100204s9999 xx 000 0 und d
082 _b7074
100 _aरांगणेकर कुमुदिनी
245 _aदेखणा बहाणा
260 _b"राजेंद्र पब्लिकेशन्स , पुणे 30"
_c1984
300 _a216
630 _aदेखणा बहाणा
730 _aदेखणा बहाणा
942 _cBOOK
999 _c451511
_d451508